Catálogo

Vista normal Vista MARC

Entrada Personal Name

Número de registros utilizados en: 1

001 - CONTROL NUMBER

  • control field: 10272

003 - CONTROL NUMBER IDENTIFIER

  • control field: DLC

005 - DATE AND TIME OF LATEST TRANSACTION

  • control field: 20191121113438.0

008 - FIXED-LENGTH DATA ELEMENTS

  • fixed length control field: 851108n| azannaabn |b aaa

010 ## - LIBRARY OF CONGRESS CONTROL NUMBER

  • LC control number: n 85173529

035 ## - SYSTEM CONTROL NUMBER

  • System control number: (OCoLC)oca01453560

040 ## - CATALOGING SOURCE

  • Original cataloging agency: DLC
  • Language of cataloging: spa
  • Description conventions: rda
  • Transcribing agency: Mx-PuUPA
  • Modifying agency: DLC
  • Modifying agency: Uk
  • Modifying agency: OCoLC
  • Modifying agency: DLC
  • Modifying agency: Mx-PuUPA

100 1# - HEADING--PERSONAL NAME

  • Personal name: Cardaillac, Louis,

370 ## - ASSOCIATED PLACE

  • Other associated place: Montpellier (France)
  • Other associated place: Zapopan (Mexico)
  • Source of term: naf

373 ## - ASSOCIATED GROUP

  • Associated group: Université de Montpellier

373 ## - ASSOCIATED GROUP

  • Associated group: Colegio de Jalisco
  • Source of term: naf

374 ## - OCCUPATION

  • Occupation: Autor

375 ## - GENDER

  • Gender: hombre

377 ## - ASSOCIATED LANGUAGE

  • Language code: fre
  • Language code: spa

400 1# - SEE FROM TRACING--PERSONAL NAME

  • Personal name: Kārdiyāk, Luwī

400 1# - SEE FROM TRACING--PERSONAL NAME

  • Personal name: Kārdāyāk, Luwī

400 1# - SEE FROM TRACING--PERSONAL NAME

  • Personal name: لويي كاردياك

670 ## - SOURCE DATA FOUND

  • Source citation: His al-Mūrīskīyūn al-Andalusīyūn wa-al-Masīḥīyūn, 1983:
  • Information found: t.p. (al-Duktūr Luwī Kārdiyāk) added t.p. (Louis Cardaillac, prof. à l'Université de Montpellier-France) p. 166 (signed: Luwī Kārdāyāk)

670 ## - SOURCE DATA FOUND

  • Source citation: LC data base, 11-4-85
  • Information found: (hdg.: Cardaillac, Louis)

670 ## - SOURCE DATA FOUND

  • Source citation: De transgresiones y transgresores, 2013:
  • Information found: p. 21 (Louis Cardaillac; El Colegio de Jalisco) p. 227 (author of Moriscos y cristianos, etc.)

670 ## - SOURCE DATA FOUND

  • Source citation: Santiago Apóstol: El Santo de los dos mundos, 2002:
  • Information found: t.p. ( Louis Cardaillac) de portada

670 ## - SOURCE DATA FOUND

  • Source citation: Biblioteca del congreso (Estados Unidos), 21 noviembre 2019:
  • Information found: Catálogo electrónico
  • Uniform Resource Identifier: http://bit.ly/2KHFJgG